000 00349nam a22001217a 4500
999 _c3296
_d3296
005 20201123125854.0
008 201123b ||||| |||| 00| 0 eng d
020 _a0304323772
040 _cCML
245 _aIslam and Ecology.
_cKhalid F.
260 _aLondon
_bCassell Publishers Ltd
_c1992
942 _2ddc
_cBK
_e1st Edition
_h297
_mKHA